000 00685nam a22001817a 4500
003 OSt
005 20241028174515.0
008 241028b |||||||| |||| 00| 0 eng d
020 _a00346578
040 _cCentral University Library
050 _aRGL87-88
245 _aReview of Ghana Law
250 _aEdited by Bimpong-Buta, S.Y. LLB (Ghana), LLM (Lond) of Lincoln's Inn,Senior Advocate of Ghana (on leave of absence)
_bActing Editor I.K. Agbosu LLM (Ghana) Phd. (Lond) Solicitor of the Supreme Court of Ghana.
260 _aAccra
_bCouncil for Law Reporting
_c1990
300 _aix, 304 pages. Vol. xvi
_bStatutory Intelligence
_c23.5 cm
650 _2Ghana Law
942 _2lcc
_cBK
_n0
999 _c292
_d292